| 000 | 00474nam a22000977a 4500 | ||
|---|---|---|---|
| 082 |
_a346.73066 _bCOR |
||
| 245 |
_aCorporate Law Decisions [CLD] 2010: _bcases on company, banking, insurance, trade marks, intellectual property, monopoly control laws and environmental law with relevant current statutes / _cEdited by Muhammad Anwar Khokhar & Muhammad Wahaj Azhar and Kashif Mir Zubair |
||
| 260 |
_aLahore : _bPLD Publishers, _c2010. |
||
| 300 | _avolumes | ||
| 942 |
_2ddc _cREF _s1 |
||
| 999 |
_c592009 _d592009 |
||